000 01015nam a2200217Ii 4500
003 JO-AjNU
008 230605s9999||||xx |||||||||||||| ||und||
040 _aJO-AjNU
_bara
_erda
_cJO-AjNU
041 _aara
050 1 4 _aTH420.J67.1993
100 3 _aإعداد كريم غماش,
_eauthor
_951600
245 0 0 _aمجلس البناء الوطني الأردني، وزارة الأشغال العامة والإسكان: كودة متطلبات البناء الخاص بالمعوقين
250 _aط1
264 3 1 _aعمان: الجمعية العلمية الملكية،مجلس البناء الوطني الأردني، 1993
300 _a165ص
_bيشتمل على المراجع والمصادرالببلوغرافية ص(164-165)
336 _atext
_btxt
_2rdacontent
337 _aunmediated
_bn
_2rdamedia
338 _avolume
_bnc
_2rdacarrier
490 0 _aكودات البناء الوطني الأردني 
650 4 _aالمعوقون -- الأردن -- أحوال اجتماعية
_951601
999 _aA22806
_c26374
_d26374